00629cam a22002052 4500001001100000005001700011008004100028020001500069040001500084050002000099100003100119245009300150250001200243260003300255300003900288650002700327700003700354700002900391852000300420000002018320151217155227.0110824s xx 000 0 eng d a0534395880 aKABUcKABU 0aQD33b.M66 20051 aMoore, John W.@000018024810aChemistry :bthe molecular science /cJohn W. Moore, Conrad L. Stanitski, Peter C. Jurs. a2nd ed. aAustralia :bThomson,c2005. a1 v. [various paging] +e1 CD-ROM. 0aChemistry.@00001482021 aStanitski, Conrad L.@00001540931 aJurs, Peter.@00001802491